| 000 | 01189nam a2200373 a 4500 | ||
|---|---|---|---|
| 001 | |||
| 003 | DO-SdBPM | ||
| 005 | 20250916095339.0 | ||
| 007 | ta | ||
| 008 | 100222s2010 dr a 000 0 spa d | ||
| 040 |
_aDO-SdBPM _bspa _cBPMSU _erda |
||
| 082 | 4 |
_a342.729302 _bR426co,2010 _222 |
|
| 110 | 2 | _aRepública Dominicana | |
| 240 | _aConstitución (2010) | ||
| 245 | 1 | 0 | _aConstitución de la República Dominicana |
| 246 | 1 | 3 | _aConstitución Dominicana |
| 250 | _a2a. ed. | ||
| 264 |
_aSanto Domingo : _bCámara de Diputados, _c2010 |
||
| 300 |
_a130 páginas ; _c23 cm. _b |
||
| 336 |
_atexto _btxt _2rdacontent |
||
| 337 |
_asin mediación _bn _2rdamedia |
||
| 338 |
_avolumen _bnc _2rdacarrier |
||
| 590 | _aInventariado, 2025/VM | ||
| 590 | _6Inventariado, 2025/VM | ||
| 651 | 7 |
_aRepública Dominicana _x Constitución (2010) |
|
| 651 | 7 |
_aRepública Dominicana _zDerecho constitucional |
|
| 710 | 2 | _aAsamblea Nacional de la República Dominicana | |
| 910 | _aVMateo V. Control de calidad. BPMSU | ||
| 930 | 1 |
_l _m _h _8 _f _p _g |
|
| 930 | 1 |
_l _m _h _8 _f _p _g _h |
|
| 930 | 1 |
_l _m _h _8 _f _p _g _h |
|
| 942 |
_2ddc _cBK |
||
| 956 |
_a _b _c _l _h |
||
| 999 |
_c15397 _d15397 |
||